1025 1390 1130 1773 1055 1882 1463 1977 1792 1012 1611 1523 1371 1554 1499 1905 1781 1293 1161 1999 1720 1275 1305 1118 1160 1181 1612 1791 1699 1979 1405 1722 1178 1098 1081 1556 1978 1985 1081 1380 1233 1012 1264 1829 1146 1161 1692 1739 1899 1209 1935 1781 1595 1195 1869 1919 1136 1948 1733 1364 1584 1432 1409 1145 1008 1286 1119 1857 1832 1391 1628 1802 1239 1165 1526 1853 1055 1386 1456 1771 1887 1408 1124 1721 1316 1657 1421 1708 1208 1633 1402 1845 1771 1922 1763 1692 1750 1656 1364 BCNSPRNW ULIB Ver.6.0+V

เปลี่ยนเป็นภาษาไทย

Change to English
 แสดงรายละเอียดบรรณานุกรม
  กลับหน้าหลัก

Brief Record : Get Marc (ISO 2709) : E-mail record : QR code < ปิดหน้าต่าง
LEADER : 00000nam 2200000uu 4500
001    13399111043
003     ULIB
008    110615s||||||||th 000 0 tha d
020    9743013687
050  4 BF121^bว649จ 2547
100 0  วิภาพร มาพบสุข
245 10 จิตวิทยาทั่วไป =^bGeneral psychology /^cวิภาพร มาพบสุข
260    กรุงเทพฯ :^bศูนย์ส่งเสริมวิชาการ,^c[2547]
300    587 หน้า :^bภาพประกอบ ;^c26 ซม.
650  7 จิตวิทยา
945    ^p180^l0^i018851
995    ทศพร
999 ^a ใช้งานได้ทุกระบบ
รายการนี้ยังไม่มีแท็ก
คุณยังไม่ได้ล็อกอิน คุณสามารถมีกิจกรรมร่วมกับเว็บไซต์ได้ แต่ต้องล็อกอินก่อน ::
  ล็อกอิน

รายการสื่อสารสนเทศ

ลำดับที่ ประเภท เลขเรียก/บาร์โค้ด สถานที่ สถานะ
- ไม่พบข้อมูล -

รายการใกล้เคียง
    หัวเรื่อง [จิตวิทยา]

BibComment


ยังไม่เคยถูกคอมเมนท์

คอมเมนท์ทรัพยากรรายการนี้
  คอมเมนท์: จิตวิทยาทั่วไป G..


 Copyright 2026. Bcnsprnw @Library